Najpopularniejsze polskie wody - Statystyki

Ogólne statystyki
  • Ten quiz został rozwiązany 54 razy
  • Średni wynik to 8 z 30
Statystyki odpowiedzi
# Woda % Poprawnych
1 Żywiec Zdrój
95%
3 Cisowianka
86%
1 Muszynianka
67%
1 Muszynianka
67%
6 Nałęczowianka
63%
4 Nałęczowianka
63%
2 Nałęczowianka
63%
2 Kropla Beskidu
51%
3 Primavera
40%
7 Ustronianka
21%
5 Ustronianka
21%
5 Jurajska
19%
5 Staropolanka
19%
4 Kinga Pienińska
16%
4 Kinga Pienińska
16%
7 Piwniczanka
14%
6 Mama i ja
12%
8 Kryniczanka
9%
6 Kryniczanka
9%
7 Dobrowianka
7%
9 Rodowita z Roztocza
5%
10 Aquila
0%
2 Cisowianka Perlage
0%
10 Janowianka
0%
8 Nestlé Pure Life
0%
10 Selenka
0%
9 Selenka
0%
3 Staropolska 2000
0%
9 Wielka Pieniawa
0%
8 Wielka Pieniawa
0%
Nie znaleziono quizów pasujących do podanych kryteriów
Rozkład punktacji
Procent ludzi z każdym wynikiem
Percentyl według liczby udzielonych odpowiedzi
Twoja historia wyników
Nie rozwiązałeś tego quizu